Económicas habla (Registro nro. 8989)

Detalles MARC
000 -LEADER
fixed length control field 00963nas a2200265 454500
001 - CONTROL NUMBER
control field 61125
005 - DATE AND TIME OF LATEST TRANSACTION
control field 20260407193512.0
008 - FIXED-LENGTH DATA ELEMENTS--GENERAL INFORMATION
fixed length control field 260407s2023####ag###########|||spa#d
003 - CONTROL NUMBER IDENTIFIER
control field AR-UNSa-BCEJYS
040 ## - CATALOGING SOURCE
Original cataloging agency AR-UNSa-BCEJYS
Language of cataloging spa
Transcribing agency AR-UNSa-BCEJYS
080 ## - UNIVERSAL DECIMAL CLASSIFICATION NUMBER
Universal Decimal Classification number 378.4(826.7)
Common auxiliary subdivision Universidad Nacional de Salta
022 ## - INTERNATIONAL STANDARD SERIAL NUMBER
International Standard Serial Number 3008-8143
041 ## - LANGUAGE CODE
Language code of text/sound track or separate title spa
100 1# - MAIN ENTRY--PERSONAL NAME
Personal name Nina, Martín Miguel
245 10 - TITLE STATEMENT
Title Económicas habla
264 #1 - PRODUCTION, PUBLICATION, DISTRIBUTION, MANUFACTURE, AND COPYRIGHT NOTICE
Place of production, publication, distribution, manufacture Salta :
Name of producer, publisher, distributor, manufacturer Universidad Nacional de Salta. Facultad de Ciencias Económicas, Jurídicas y Sociales
Date of production, publication, distribution, manufacture, or copyright notice 2023
310 ## - CURRENT PUBLICATION FREQUENCY
Current publication frequency Frecuencia: Semestral<br/>Cambia de director a partir del Nº 5 por Teodelina Zuviría
590 ## - LOCAL NOTE (RLIN)
Local note niveau_biblio:s niveau_hierar:1
650 ## - SUBJECT ADDED ENTRY--TOPICAL TERM
Topical term or geographic name entry element GESTION UNIVERSITARIA
650 ## - SUBJECT ADDED ENTRY--TOPICAL TERM
Topical term or geographic name entry element UNIVERSIDAD NACIONAL DE SALTA
650 ## - SUBJECT ADDED ENTRY--TOPICAL TERM
Topical term or geographic name entry element EDUCACION SUPERIOR
700 1# - ADDED ENTRY--PERSONAL NAME
Personal name Saavedra, María Natalia
856 41 - ELECTRONIC LOCATION AND ACCESS
Uniform Resource Identifier <a href="https://www.biblioeco.unsa.edu.ar/pmb/images/revistas/R23353.jpg">https://www.biblioeco.unsa.edu.ar/pmb/images/revistas/R23353.jpg</a>
Link text Imagen de portada
Electronic format type image/jpeg
942 ## - ADDED ENTRY ELEMENTS (KOHA)
Koha item type
Existencias
Withdrawn status Lost status Damaged status Not for loan Home library Current library Shelving location Date acquired Serial enumeration / chronology Total checkouts Full call number Barcode Date last seen Price effective from Koha item type
        Biblioteca Prof. Eusebio Cleto del Rey Biblioteca Prof. Eusebio Cleto del Rey   01/07/2025 Nº 5 - jul. 2025   H378.4(826.7) N714 R23484 10/04/2026 10/04/2026 Numero
        Biblioteca Prof. Eusebio Cleto del Rey Biblioteca Prof. Eusebio Cleto del Rey   09/08/2024 Nº 3 - ago. 2024   H378.4(826.7) ECO 3 R23353 10/04/2026 10/04/2026 Numero
        Biblioteca Prof. Eusebio Cleto del Rey Biblioteca Prof. Eusebio Cleto del Rey   01/08/2023 Nº 1 - ago. 2023   H378.4(826.7) ECO 1 R23352 10/04/2026 10/04/2026 Numero